F1 Radio Quotes - 2018 Season - Statistics

General Stats
  • This quiz has been taken 261 times
  • The average score is 6 of 12
Answer Stats
Quote Answer % Correct
"I'm hanging here like a cow!" Nico Hulkenberg
87%
"There's something loose between my legs, apart from the obvious" Sebastian Vettel
83%
"You forgot to connect the drink through" Kimi Raikkonen
76%
"Magnussen is and will always be stupid! Its a fact!" Charles Leclerc
72%
"even if you put a rocket ship we will be eleventh!" Fernando Alonso
62%
"Get it girl! Get it! WOO! Daniel Ricciardo
44%
"IN IN IN IN IN IN IN" Peter "Bono" Bonnington
44%
"Basta ********! Che ****** fai! Lift the car up for ***** sake! Sebastian Vettel
42%
"I hope he has damage!" Fernando Alonso
33%
"No! Its discipline!" Max Verstappen
33%
"We should make it, yeah we'll make it. No, we just didn't" Sebastian Vettel
18%
"Yeah this Giovinazzi's an idiot." Brendon Hartley
11%
No matching quizzes found
Score Distribution
Percent of People with Each Score
Percentile by Number Answered
Your Score History
You have not taken this quiz